000 00437cam a2200169ua 4500
020 _cRs.6/-
041 _amal
_h
082 _a894.812809
_bPAR/KE
100 _aParamesara Aiyyer, Ullor.
245 _akerala sathiya /
_cParamesara Aiyer.
_hTextual Documents
260 _aThrissur :
_bKerala Agricultural University ,
_c1965.
300 _a432 ; .
365 _aRs.6/-
504 _a
942 _cBK
999 _c12007
_d12007